| 000 | 00505nam a2200121Ia 4500 | ||
|---|---|---|---|
| 008 | 220615s9999||||xx |||||||||||||| ||und|| | ||
| 245 | 0 | _aGender in medieval places, spaces and thresholds | |
| 546 | _aEnglish[eng] | ||
| 650 | _aHistory||Europe||Great Britain||Norman Conquest To Late Medieval (1066-1485)||Technology & Engineering||Agriculture | ||
| 700 | _aBlud, Victoria||Heath, Diane||Klafter, Einat | ||
| 856 | _uhttps://library.oapen.org/bitstream/20.500.12657/46156/1/9781909646858.pdf | ||
| 942 | _cEB | ||
| 999 |
_c17426 _d17426 |
||